000
00362nam a2200169Ia 4500
100
_a
Munasinghe/Rohan
650
_a
Control Systems
942
_c
BK
366
_f
25
654
_a
control systems
245
_a
Classical control systems
260
_b
Narosa Publication House
_c
2012
082
_b
MUN
300
_a
180
546
_a
ENGLISH
999
_c
22944
_d
22944